Final Fantasy VII - Personnages par images - Statistiques

Statistiques générales
  • Ce quiz a été pris 33 fois
  • Le résultat moyen est 12 sur 16
Statistiques - réponses
Par images Réponse % Correct
Cloud Strife
100%
Tifa Lockhart
100%
Aerith Gainsborough
96%
Sephiroth
96%
Barret Wallace
93%
Red XIII / Nanaki
93%
Cait Sith
85%
Yuffie Kisaragi
85%
Zack Fair
85%
Rufus Shinra
70%
Jessie Rasberry
67%
Reno
59%
Rude
56%
Scarlet
56%
Tseng
48%
Elena
37%
Aucun quiz correspondant
Distribution des résultats
% des personnes avec chaque résultat
Percentile par nombre de réponses
Votre historique - résultats
Vous n’avez pas pris ce quiz